000 00694nam a2200229 a 4500
005 20140310183443.0
008 080917s19uu xx 00 eng d
020 _a9780071283267
050 _aHD 30.213
_b.Ob27 2008
100 _aO'Brien, James A.
245 _aIntroduction to information systems. /
_cJames A. O'Brien
260 _aBoston :
_bMcGraw-Hill Irwin,
_c2008.
300 _a557 p. ;
_bill.;
_c26 cm.
521 _aIT
650 _aComputer Studies.
650 _aManagement information systems.
650 _aInformation technology.
650 _aBusiness enterprise
_xCommunication systems.
700 _aMarakas, George M.
942 _cBK
_2lcc
_kFOR
999 _c23180
_d23180